Cuadonga : (Record no. 193180)

MARC details
000 -LEADER
campo de control de longitud fija 02029nam a2200457 i 4500
001 - NÚMERO DE CONTROL
campo de control 193180
003 - IDENTIFICADOR DE NÚMERO DE CONTROL
campo de control SpMaBN
005 - FECHA Y HORA DE LA ÚLTIMA TRANSACCIÓN
campo de control 20240826063031.0
007 - CAMPO FIJO DE DESCRIPCIÓN FÍSICA--INFORMACIÓN GENERAL
campo de control de longitud fija ta
008 - DATOS DE LONGITUD FIJA--INFORMACIÓN GENERAL
campo de control de longitud fija 221111s2022 sp a | ||||o000 0 spa
015 ## - NÚMERO DE BIBLIOGRAFÍA NACIONAL
Número de bibliografía nacional MON22
017 ## - NÚMERO DE COPYRIGHT O DE DEPÓSITO LEGAL
Número de copyright o de depósito legal AS 1944-2022
Agencia que asigna Oficina Depósito Legal Asturias
035 ## - NÚMERO DE CONTROL DEL SISTEMA
Número de control de sistema a7188325
040 ## - FUENTE DE CATALOGACIÓN
Centro catalogador/agencia de origen SpMaBN
Lengua de catalogación spa
Centro/agencia transcriptor SpMaBN
Normas de descripción rda
Centro/agencia modificador Es-MaACL
080 ## - NÚMERO DE LA CLASIFICACIÓN DECIMAL UNIVERSAL
Número de la Clasificación Decimal Universal 7(460)(083.824)
080 ## - NÚMERO DE LA CLASIFICACIÓN DECIMAL UNIVERSAL
Número de la Clasificación Decimal Universal 908(460.12 Covadonga)(0:7)(083.824)
245 00 - MENCIÓN DEL TÍTULO
Título Cuadonga :
Resto del título a través del arte = Covadonga : a través del arte /
Mención de responsabilidad, etc. [comisaria, Alicia Vallina ; textos, Alicia Vallina, María Antonia Herradón Figueroa]
246 3# - FORMA VARIANTE DEL TITULO
Título propio/Titulo breve Covadonga :
Resto del título a través del arte
264 #1 - PRODUCCIÓN, PUBLICACIÓN, DISTRIBUCIÓN, FABRICACIÓN Y COPYRIGHT
Producción, publicación, distribución, fabricación y copyright [Oviedo] :
Nombre del de productor, editor, distribuidor, fabricante Principáu d'Asturies,
Fecha de producción, publicación, distribución, fabricación o copyright [2022]
300 ## - DESCRIPCIÓN FÍSICA
Extensión 89 páginas, 5 páginas sin numerar :
Otras características físicas ilustraciones (blanco y negro y color) ;
Dimensiones 24 cm
336 ## - TIPO DE CONTENIDO
Término de tipo de contenido Texto
-- Imagen fija
Fuente rdacontent
337 ## - TIPO DE MEDIO
Nombre/término del tipo de medio sin mediación
Fuente rdamedia
338 ## - TIPO DE SOPORTE
Nombre/término del tipo de soporte volumen
Fuente rdacarrier
500 ## - NOTA GENERAL
Nota general En portada: Covadonga 2022 Cuadonga; Sabadell
546 ## - NOTA DE IDIOMA
Nota de lengua/lenguaje Texto en español; introducción en español y en bable
585 ## - NOTA DE EXPOSICIONES
Nota de exposiciones Exposición: Sala de exposiciones Sabadell Herrero, Oviedo, del 9 de septiembre al 6 de noviembre de 2022
650 #4 - PUNTO DE ACCESO ADICIONAL DE MATERIA--TÉRMINO DE MATERIA
Término de materia o nombre geográfico como elemento de entrada Arte español-
Subdivisión de forma Exposiciones
Fuente del encabezamiento o término embne
9 (RLIN) 10192
651 #0 - PUNTO DE ACCESO ADICIONAL DE MATERIA--NOMBRE GEOGRÁFICO
Nombre geográfico Covadonga-
Subdivisión general En el arte-
Subdivisión de forma Exposiciones
Fuente del encabezamiento o término embne
9 (RLIN) 234271
655 #7 - TERMINO DE INDIZACIÓN--GENERO/FORMA
Datos o término principal de género/forma Catálogos de exposiciones
Fuente del término tgfbne
9 (RLIN) 193628
700 1# - ENTRADA AGREGADA--NOMBRE PERSONAL
Nombre de persona Vallina, Alicia,
Fechas asociadas al nombre 1976-
Término indicativo de función/relación Comisario
-- Autor
9 (RLIN) 234272
700 1# - ENTRADA AGREGADA--NOMBRE PERSONAL
Nombre de persona Herradón Figueroa, María Antonia
9 (RLIN) 234273
Término indicativo de función/relación Autor
710 2# - ENTRADA AGREGADA--NOMBRE DE ENTIDAD CORPORATIVA
Nombre de entidad corporativa o nombre de jurisdicción como elemento de entrada Sala de Exposiciones Sabadell-Herrero (Oviedo)
9 (RLIN) 234274
Término indicativo de función/relación Sede
852 ## - LOCALIZACIÓN
Ubicación ES-MaACL
itemnumber 200556
Sublocalización o colección R.154584
Número de control de estantería N-9343
Ubicación en estantería Depósito J
Donativo/Legado Donación: Alicia Vallina
Encuadernación Encuadernación rústica con solapas
903 ## - NOMBRE PERSONAL DE DONANTE
a Vallina, Alicia,
d 1976-
e Donante
9 234272
942 ## - ELEMENTOS DE ENTRADA SECUNDARIOS (KOHA)
Suprimir en OPAC No
Tipo de ítem Koha Libro impreso
Holdings
Estatus retirado Estado de pérdida Fuente del sistema de clasificación o colocación Estado de daño No para préstamo Biblioteca de origen Biblioteca actual Ubicación en estantería Fecha de adquisición Fuente de adquisición Número de control de estantería Total de préstamos Signatura topográfica completa Código de barras Visto por última vez Tipo de ítem Koha
    Clasificación decimal universal     Biblioteca del Ateneo de Madrid Biblioteca del Ateneo de Madrid Depósito J 30/09/2023 Donación Ateneísta   N-9343 101205851 30/09/2023 Libro impreso